000 00902nam a22002657a 4500
001 6345
003 FISKH
005 20250423102137.0
008 250423b cb ||||| |||| 00| 0 eng d
020 _a9780545066020
040 _aFISKH
_beng
_cFISKH
_dFISKH
050 _aPZ7
082 _a813.6
100 _aLee, Quinlan B.
245 _aThe magic school bus loses a tooth /
_cby Quinlan B. Lee
260 _aNew York :
_bScholastic,
_c2008.
300 _a16 unnumbered pages :
_bcolor illustrations ;
_c20 cm
505 _aE
520 _aThe Magic School Bus can transform into any shape to take Ms. Frizzle and her class on amazing field trips!. Climb aboard the Magic School Bus to learn about teeth and to read words with the "th" sound.
521 8 _a230
_bLexile
521 8 _aE
_bRaz-Plus
650 _aChildren
_vHuman body
942 _2ddc
_cBK
_n0
999 _c6345
_d6345